International environmental liability and barriers to trade : (Record no. 12940)

MARC details
000 -LEADER
fixed length control field 01542cam a2200397 a 4500
001 - CONTROL NUMBER
control field 14626049
003 - CONTROL NUMBER IDENTIFIER
control field 000
005 - DATE AND TIME OF LATEST TRANSACTION
control field 20170712153606.0
007 - PHYSICAL DESCRIPTION FIXED FIELD--GENERAL INFORMATION
fixed length control field 000
008 - FIXED-LENGTH DATA ELEMENTS--GENERAL INFORMATION
fixed length control field 061106s2007 enka b 001 0 eng
010 ## - LIBRARY OF CONGRESS CONTROL NUMBER
LC control number 2006937964
015 ## - NATIONAL BIBLIOGRAPHY NUMBER
National bibliography number GBA694855
Source bnb
016 7# - NATIONAL BIBLIOGRAPHIC AGENCY CONTROL NUMBER
Record control number 013596580
Source Uk
020 ## - INTERNATIONAL STANDARD BOOK NUMBER
International Standard Book Number 1847200974 (hbk.)
International Standard Book Number 9781847200976 (hbk.)
035 ## - SYSTEM CONTROL NUMBER
System control number (OCoLC)ocm75714054
040 ## - CATALOGING SOURCE
Original cataloging agency UOEL
Transcribing agency UKM
Modifying agency BAKER
-- BWKUK
-- YDXCP
-- DLC
042 ## - AUTHENTICATION CODE
Authentication code lccopycat
050 00 - LIBRARY OF CONGRESS CALL NUMBER
Classification number HC79.E5
Item number H64 2007
082 04 - DEWEY DECIMAL CLASSIFICATION NUMBER
Classification number 338.927
Edition number 22
100 1# - MAIN ENTRY--PERSONAL NAME
Personal name Holtby, Kareen L.
245 10 - TITLE STATEMENT
Title International environmental liability and barriers to trade :
Remainder of title market access and biodiversity in the biosafety protocol /
Statement of responsibility, etc. Kareen L. Holtby, William A. Kerr, Jill E. Hobbs.
260 ## - PUBLICATION, DISTRIBUTION, ETC. (IMPRINT)
Place of publication, distribution, etc. Cheltenham, UK ;
-- Northampton, MA :
Name of publisher, distributor, etc. Edward Elgar,
Date of publication, distribution, etc. c2007.
300 ## - PHYSICAL DESCRIPTION
Extent xiii, 166 p. :
Other physical details ill. ;
Dimensions 24 cm.
504 ## - BIBLIOGRAPHY, ETC. NOTE
Bibliography, etc Includes bibliographical references (p. 151-161) and index.
650 #0 - SUBJECT ADDED ENTRY--TOPICAL TERM
Topical term or geographic name as entry element Environmental policy.
Topical term or geographic name as entry element Environmental protection
General subdivision Economic aspects.
Topical term or geographic name as entry element Environmental protection
General subdivision International cooperation.
Topical term or geographic name as entry element International trade
General subdivision Environmental aspects.
700 1# - ADDED ENTRY--PERSONAL NAME
Personal name Kerr, William A.
Fuller form of name (William Alexander)
Personal name Hobbs, Jill E.
856 41 - ELECTRONIC LOCATION AND ACCESS
Materials specified Table of contents only
Uniform Resource Identifier <a href="http://www.loc.gov/catdir/toc/fy0711/2006937964.html">http://www.loc.gov/catdir/toc/fy0711/2006937964.html</a>
906 ## - LOCAL DATA ELEMENT F, LDF (RLIN)
a 7
b cbc
c copycat
d 2
e epcn
f 20
g y-gencatlg
942 ## - ADDED ENTRY ELEMENTS (KOHA)
Source of classification or shelving scheme Library of Congress Classification
Koha item type SES Book

No items available.